| 000 | 00581nam a2200229Ia 4500 | ||
|---|---|---|---|
| 003 | OSt | ||
| 005 | 20231018151748.0 | ||
| 008 | 210323s9999||||xx |||||||||||||| ||und|| | ||
| 020 | _a9789380108179 | ||
| 040 | _cSTCPL | ||
| 041 | _aENG | ||
| 082 |
_a610.285 _bJUL-B |
||
| 100 | _aBerman, Jules J. | ||
| 245 | 0 |
_aBiomedical informatics / _cby Jules J. Berman |
|
| 260 |
_aBoston : _bJones And Bartlett Publishers , _c2010 . |
||
| 300 |
_a459 p. _bPB |
||
| 650 | _aBiomedical infornatics | ||
| 650 | _aBiomedical data | ||
| 650 | _aMetadata | ||
| 942 | _cBK | ||
| 942 | _2ddc | ||
| 999 |
_c59232 _d59232 |
||